| 000 | 00887nam a2200229Ia 4500 | ||
|---|---|---|---|
| 003 | OSt | ||
| 005 | 20200911122740.0 | ||
| 008 | 191128s1981 ck gr 000 0 spa d | ||
| 040 |
_aCO-JMCR _cCO-JMCR |
||
| 041 | 0 | _aspa | |
| 082 | 0 | 4 |
_a364.16 / _bA383d _223 |
| 100 | 1 |
_aAguilar Pardo, José, _eautor _910173 |
|
| 245 | 1 | 0 |
_aDelitos contra el patrimonio económico / _cJosé Aguilar Pardo y Gilberto Martínez Rave |
| 260 |
_aMedellín : _bEditorial Lealon, _c1981 |
||
| 300 |
_a119 páginas ; _c20 cm. |
||
| 490 | 0 |
_aColección actualidad juridica ; _v1 |
|
| 505 | 0 | _aNociones de los delitos contra el patrimonio económico -- El cheque ante las nuevas normas penales -- Apéndices legislativos Ley 95 de 1936 | |
| 650 | 1 | 4 |
_aDelitos contra el patrimonio económico _910174 |
| 650 | 1 | 4 |
_aCódigo penal _910175 |
| 700 | 1 |
_aMartínez Rave, Gilberto, _eautor _910176 |
|
| 942 |
_2ddc _cBK |
||
| 999 |
_c5961 _d5961 |
||